Indian law of marriage & divorce/ (Record no. 171556)

MARC details
000 -LEADER
fixed length control field 00561nam a22001817a 4500
005 - DATE AND TIME OF LATEST TRANSACTION
control field 20200115125415.0
010 ## - LCCN (DPL NO)
LC control number ENG-127428
020 ## - INTERNATIONAL STANDARD BOOK NUMBER
International Standard Book Number 9789388548885
Terms of availability 2695.00
035 ## - SYSTEM CONTROL NUMBER
System control number EN-110960
037 ## - SOURCE OF ACQUISITION
Source of stock number/acquisition DBAD/PUB
082 ## - DEWEY DECIMAL CLASSIFICATION NUMBER
Classification number 346.5401602632
100 ## - MAIN ENTRY--PERSONAL NAME
Personal name Desai,Kumud
245 ## - TITLE STATEMENT
Title Indian law of marriage & divorce/
Statement of responsibility, etc by Kumud Desai
260 ## - PUBLICATION, DISTRIBUTION, ETC. (IMPRINT)
Place of publication, distribution, etc Gurgaon
Name of publisher, distributor, etc Lexis Nexis
Date of publication, distribution, etc 2017
270 ## - ADDRESS
Address 14th floor,building no-10,Tower B,DLF Cyber city phase-II
City Gurgaon
Postal code 122002
300 ## - PHYSICAL DESCRIPTION
Extent 1365p.
Dimensions 22cm(hb)
942 ## - ADDED ENTRY ELEMENTS (KOHA)
Source of classification or shelving scheme Dewey Decimal Classification
Item type English Books
Classification part 346.5401602632
Call number suffix DES
Holdings
Withdrawn status Lost status Not for loan Collection code Home library Current library Date acquired Source of acquisition Cost, normal purchase price Full call number Barcode Copy number Cost, replacement price Koha item type
      Reference Central Library Central Library 15/01/2020 DBAD/PUB 2695.00 346.5401602632 DES EN-110960 1 2695.00 English Books

© Delhi Public Library
Hit Counter
free hit counter